[Event "Montreal Pere Noel op"]
[Site "Montreal"]
[Date "2013.12.29"]
[Round "4"]
[White "Tremblay, Alain"]
[Black "Heredia, Jose"]
[Result "1-0"]
[WhiteElo "2084"]
[BlackElo "1846"]
[PlyCount "47"]
[EventDate "2013.12.26"]
[EventType "swiss"]
[EventRounds "5"]
[EventCountry "CAN"]
[SourceTitle "CBM 158 Extra"]
[Source "ChessBase"]
[SourceDate "2014.02.28"]
[SourceVersion "1"]
[SourceVersionDate "2014.02.28"]
[SourceQuality "1"]

1. d4 d5 2. e3 Nf6 3. Bd3 e6 4. Nd2 Be7 5. Ngf3 Nbd7 6. 0-0 0-0 7. c3 Re8 8. Ne5 Nxe5 9. dxe5 Nd7 10. f4 f5 11. exf6 Nxf6 12. Qe2 Bd6 13. e4 e5 14. f5 c6 15. g4 Bc7 16. g5 dxe4 17. Bc4+ Nd5 18. Nxe4 Kh8 19. Qh5 Nf4 20. Bxf4 exf4 21. Rad1 Qe7 22. f6 Qxe4 23. fxg7+ Kxg7 24. Qh6+ 1-0

[Event "Montreal Mercredi 11"]
[Site "Montreal"]
[Date "2013.11.28"]
[Round "5"]
[White "Millette, Sylvain"]
[Black "Heredia, Jose"]
[Result "1/2-1/2"]
[WhiteElo "1728"]
[BlackElo "1858"]
[PlyCount "81"]
[EventDate "2013.11.13"]
[EventType "swiss"]
[EventRounds "5"]
[EventCountry "CAN"]
[SourceTitle "EXT 2022"]
[Source "ChessBase"]
[SourceDate "2021.10.06"]
[SourceVersion "1"]
[SourceVersionDate "2021.10.06"]
[SourceQuality "1"]

1. Nf3 c5 2. g3 Nc6 3. Bg2 d6 4. c4 g6 5. d4 Bg7 6. dxc5 Qa5+ 7. Bd2 Qxc5 8. Qb3 Be6 9. Na3 Qb6 10. Nb5 Nf6 11. Ng5 Nd7 12. Nxe6 fxe6 13. 0-0 Nc5 14. Qe3 a6 15. Bxc6+ Qxc6 16. Bc3 e5 17. Na3 0-0 18. b3 Rf5 19. Nc2 e6 20. Nb4 Qc7 21. Rad1 Bf8 22. Nd3 Nxd3 23. Qxd3 Be7 24. Bb4 Rd8 25. Rd2 b6 26. Rfd1 Rf7 27. Qc2 Bf8 28. Bc3 Bg7 29. Bb2 Qc5 30. e3 a5 31. Qc1 Qc6 32. Qc2 Rfd7 33. Qd3 Rf7 34. Qc2 Rfd7 35. Ba3 Bf8 36. Bb2 Bg7 37. Qd3 Rf7 38. Qe2 h5 39. Qd3 Kh7 40. Qc2 Rfd7 41. Ba3 1/2-1/2